Texas Politics (Record no. 35339)

MARC details
000 -LEADER
fixed length control field 00422nam a2200193Ia 4500
020 ## - INTERNATIONAL STANDARD BOOK NUMBER
ISBN 0-3178007-6
050 ## - CALL MARK
Classification number JK4816K7
100 ## - STATEMENT OF RESPONSIBILITY--MAIN AUTHOR NAME
Personal name Richard H. Kraemer
245 #0 - TITLE STATEMENT
Title Texas Politics
250 ## - EDITION / VOLUME STATEMENT
Edition / Volume statement 2
260 ## - PUBLICATION, DISTRIBUTION, ETC. (IMPRINT)
Place of publication Minnesota
260 ## - PUBLICATION, DISTRIBUTION, ETC. (IMPRINT)
Name of publisher West Publishing Co
260 ## - PUBLICATION, DISTRIBUTION, ETC. (IMPRINT)
Year of publication 1984
300 ## - PHYSICAL DESCRIPTION
Number of Pages 395 p
650 ## - SUBJECT ADDED ENTRY--TOPICAL TERM
Topical Term Politics
942 ## - ADDED ENTRY ELEMENTS (KOHA)
Koha item type Books
Holdings
Withdrawn status Lost status Source of classification or shelving scheme Damaged status Not for loan Permanent Location Current Location Date acquired Accession Number Price effective from Koha item type
    Library of Congress Classification     NILE UNIVERSITY OF NIGERIA - MAIN LIBRARY NILE UNIVERSITY OF NIGERIA - MAIN LIBRARY 04/23/2025 0004547 04/23/2025 Books